Karpagam JCS (Record no. 10001)
[ view plain ]
| 000 -LEADER | |
|---|---|
| fixed length control field | 00499nam a22001217a 4500 |
| 003 - CONTROL NUMBER IDENTIFIER | |
| control field | OSt |
| 008 - FIXED-LENGTH DATA ELEMENTS--GENERAL INFORMATION | |
| fixed length control field | 201218b ||||| |||| 00| 0 eng d |
| 245 ## - TITLE STATEMENT | |
| Title | Karpagam JCS |
| 250 ## - EDITION STATEMENT | |
| Edition statement | 2014(Jan-Feb Vol.8 No.2, Mar-Apr Vol.8 No.3, May-Jun Vol.8 No.4, Jul-Aug Vol.8 No.5, Sep-Oct Vol.8 No.6, Nov-Dec Vol.9 No.1) 2015(Jan-Feb Vol.9 No.2, Mar-Apr Vol.9 No.3, Sep-Oct Vol.9 No.6, Nov-Dec Vol.10 No.1) |
| 260 ## - PUBLICATION, DISTRIBUTION, ETC. (IMPRINT) | |
| Place of publication, distribution, etc | Coimbatore |
| Name of publisher, distributor, etc | Karpagam Publications |
| 650 ## - SUBJECT ADDED ENTRY--TOPICAL TERM | |
| Topical term or geographic name as entry element | Computer Science Engineering |
| 942 ## - ADDED ENTRY ELEMENTS (KOHA) | |
| Source of classification or shelving scheme | Dewey Decimal Classification |
| Koha item type | BOUND VOLUME |
| Withdrawn status | Lost status | Source of classification or shelving scheme | Materials specified (bound volume or other part) | Damaged status | Not for loan | Collection code | Home library | Current library | Date acquired | Source of acquisition | Serial Enumeration / chronologySerial Enumeration / Volume No. | Total Checkouts | Acc. no. / Barcode | Date last seen | Bill Date | Koha item type |
|---|---|---|---|---|---|---|---|---|---|---|---|---|---|---|---|---|
| Dewey Decimal Classification | Bound Volume | Not For Loan | B.Tech(CSE) | PIET C-LIBRARY | PIET C-LIBRARY | 18/12/2020 | Karpagam Publications | 2014(Jan-Feb Vol.8 No.2, Mar-Apr Vol.8 No.3, May-Jun Vol.8 No.4, Jul-Aug Vol.8 No.5, Sep-Oct Vol.8 No.6, Nov-Dec Vol.9 No.1) 2015(Jan-Feb Vol.9 No.2, Mar-Apr Vol.9 No.3, Sep-Oct Vol.9 No.6, Nov-Dec Vol.10 No.1) | BV739 | 18/12/2020 | 09/01/2014 | BOUND VOLUME |